000 00469nam a2200181Ia 4500
001 8964
005 20260306160648.0
008 260306t2000||||xx |||||||||||||| ||spa||
041 _aESP
082 _a372.19
_bD81
100 _aPerú. Ministerio de Educación
_eAUT
245 0 _aEstructura curricular básica de educación primaria de menores
260 _c2000
300 _a97 páginas :
_c28 cm.
650 _aGEN
654 _aCED
942 _cLIB
_dJUS
_fJUS
_2ddc
_n
999 _c8964
_d8964